| 000 | 01258nam a2200325Ia 4500 | ||
|---|---|---|---|
| 001 | ebr10694703 | ||
| 003 | CaPaEBR | ||
| 006 | m u | ||
| 007 | cr cn||||||||| | ||
| 008 | 110210s2011 deua sb 001 0 eng d | ||
| 010 | _z 2011004799 | ||
| 020 | _z0872078388 | ||
| 020 | _z9780872070196 | ||
| 020 | _z9780872078383 | ||
| 040 |
_aCaPaEBR _cCaPaEBR |
||
| 035 | _a(OCoLC)826657957 | ||
| 050 | 1 | 4 |
_aLB1576 _b.A61573 2011eb |
| 082 | 0 | 4 |
_a372.6 _222 |
| 100 | 1 | _aAltieri, Jennifer L. | |
| 245 | 1 | 0 |
_aContent counts! _h[electronic resource] : _bdeveloping disciplinary literacy skills, K-6 / _cJennifer L. Altieri. |
| 260 |
_aNewark, DE : _bInternational Reading Association, _cc2011. |
||
| 300 |
_axvii, 243 p. : _bill. |
||
| 504 | _aIncludes bibliographical references (p. 223-235) and index. | ||
| 533 |
_aElectronic reproduction. _bPalo Alto, Calif. : _cebrary, _d2013. _nAvailable via World Wide Web. _nAccess may be limited to ebrary affiliated libraries. |
||
| 650 | 0 | _aLanguage arts (Elementary) | |
| 650 | 0 | _aContent area reading. | |
| 655 | 7 |
_aElectronic books. _2local |
|
| 710 | 2 | _aebrary, Inc. | |
| 856 | 4 | 0 |
_uhttp://site.ebrary.com/lib/rucke/Doc?id=10694703 _zAn electronic book accessible through the World Wide Web; click to view |
| 999 |
_c8992 _d8992 |
||